Quizzes
Events
Quiz Creation
Community
Videos
Private Events
Remove Ads
Sign In
Join for FREE
Feedback
Dark Mode
Quiz Categories
Sports
Geography
Music
Movies
Television
Just For Fun
Miscellaneous
History
Literature
Language
Science
Gaming
Entertainment
Religion
Holiday
For Kids
Quiz Lab
Recent
Popular Today
Quiz Kudos Today
Editor Picks
Curator Picks
Quizzes by...
Day
Popularity
Type
Ratings
Length
Year
Community
Subscriptions
Recent Discussions
Orange Saloon
Badges
Playlists
Quests
Create
Leaderboards
Showdown
Live 5
Trivia Bingo
Activity
Puzzle Library
Sporcle Events
Private Events
Virtual Trivia
Globe League
Become a Host
Pub Owners
SporcleCon
Opinionation
Our Games
Videos
Blog
Mobile Apps
Partnerships
Remove Ads and Go Orange
Feedback
Entertainment
Celebrity
Famous
Musical
Broadway
Show
Quote
Comic Books
Anime
Superhero
DC Comics
Marvel
Cartoons
Animation
Entertainment
Celebrity
Famous
Musical
Broadway
Show
Quote
Comic Books
Anime
Superhero
DC Comics
Marvel
Cartoons
Animation
Random Quiz
Search Sporcle
×
Quiz Lab
Quiz Lab
Entertainment
Vertigo
Type in answers that appear in a list
Type in answers that appear in a list
Classic
Best Score? Go Orange.
Characters in Vertigo's Fables Stats
Can you name the characters in Vertigo's Fables?
By
flux_capacitor
5m
22 Questions
149 Plays
149 Plays
149 Plays
Comments
Comments
Give Quiz Kudos
Give Quiz Kudos
-
- Ratings
hide this ad
Forced Order
Answers have to be entered in order
Answers have to be entered in order
Replay
Link that replays current quiz
Next Quiz
Link to next quiz in quiz playlist
You Got
0%
They Got
Avg Score
70%
Avg Friend Score
Upgrade to see
Score Distribution
Jump to the score distribution portion of the page
Score
0/22
Timer
05:00
0
Plays Today
Character
Name
% Correct
Sherrif of Fabletown
Bigby Wolf
98.7%
Administrator
Snow White
95.3%
Faked her own death; runs the Farm
Rose Red
91.3%
Thrice-
divorced philanderer
Prince Charming
87.9%
Sinster and wealthy; killed in a duel
Bluebeard
84.6%
Disgruntled, perpetually young boy
Pinocchio
83.9%
Acting sherrif
Beast
83.9%
Top-
secret undercover agent
Cinderella
83.2%
Janitor on constant community service
Flycatcher
82.6%
Acting administrator
Beauty
82.6%
Trickster, con artist; star of numerous fables
Jack Horner
82.6%
Character
Name
% Correct
Former mayor
King Cole
80.5%
Assistant to the mayor's office
Boy Blue
72.5%
Powerful witch
Frau Totenkinder
65.8%
Flying monkey
Bufkin
64.4%
Infiltrated Fabletown in disguise
Baba Yaga
58.4%
Ruthless revolutionary; assumed dead
Goldilocks
54.4%
Invading army that laid seige to the Woodlands
Wooden Soldiers
47%
Dragon transmuted into a raven
Clara
45%
Master mechanic
Weyland Smith
40.9%
Goblin butler
Hobbes
38.9%
Small bug; covers the night shift at the Farm
Mustard Pot Pete
24.2%
Quiz Playlist
Details
Report
Send in Message
Add To Playlist
Classic:
Type in answers that appear in a list
Forced Order:
Answers have to be entered in order
Last Updated: Feb 16, 2017
Quiz Scoreboard
CHALLENGE
Sign Up to Join the Scoreboard
Show All
Scores
Hide
Comments
May contain spoilers
Recently Published
Movies - When Are They Set?
by FPL_Elf
Movies
5m
Popular People in 1961
by mucciniale
History
6m
1-10 Letter E Words III
by El_Dandy
Language
2m
More to Explore
Quiz From the Vault
Featured Blog Post
Where Did the Easter Bunny Come From?
hide this ad
You Might Also Like...
Tags
Character
Fable
Vertigo
Vertigo Fables
Today's Top Quizzes in Entertainment
Browse Entertainment
hide this ad
Top Contributed Quizzes in Entertainment
1
Kamen Rider Motifs
2
Dragon Ball Z: Goku's Fights in Order
3
Dragon Ball Z: Mega Character Search
4
One Piece Arcs By Order III
5
Marvel Characters Bunker
6
Criteria Quickie: Cartoon Taxonomy II
7
Undead Unluck Minefield
8
Survivor Winners Logic Quiz
9
JoJo's Bizarre Logic Quiz
10
Ana Gasteyer or Kathryn Hahn?
Explore More
Trending Topics
Anime
Harry Potter
Disney
NBA
Kpop
Crossword
Marvel
NFL
WWE
The Office
Pokémon
Puzzle
Song
Soccer
Country
hide this ad
More By:
flux_capacitor
Quiz
Plays
Rating
Category
Featured
Created
Champions in League of Legends
222,630
4.62
Gaming
Dec 6, 2009
Characters in Vertigo's Fables
149
4.00
Entertainment
Dec 7, 2009
Go to Creator's Profile
Score Distribution
Quiz Creator Spotlight
flux_capacitor
Follow
Send a Message
Quizzes Created
-
Created Quiz Play Count
-
More By This Creator
Popular Quizzes Today
1
Find the Countries of Europe - No Outlines Minefield
2
Find the US States - No Outlines Minefield
3
The Countries of the World
4
Popular People in 1961
5
1-10 Letter E Words III
6
US States
7
Find the US States
8
One Thing in Common: World Cities II
More Entertainment Quizzes
Marvel Picture Find: Fantastic Four
Published
Trending Quizzes
Risky Map Clicking: Least Populous States A-Z
Humor Books: The Subtitles
1-10 Letter F Words
1-10 Letter G Words
One Thing in Common: United Kingdom
Recently Updated
Leaping Animals
pecheneg
Reality TV Shows (A-Z)
bhenderson79
Rickey Henderson's Hall of Fame Teammates
pecheneg
Champions League XIs: Arsenal
pecheneg
Quick Pick: Celebrities in WWE's Hall of Fame
aduchscher
A-Z Keypad Blitz II
pecheneg
Multiple Oscar Actors
pecheneg
Mystery Phrase Blitz: Oscar 'Best Actors'
pecheneg
F. Scott Fitzgerald Novels
LTH
Pick 3 Villains
ddd62291
Trending Topics
Harry Potter
Crossword
Disney
Marvel
NBA
Kpop
Anime
Song
Soccer
Pokémon
Country
Puzzle
The Office
WWE
NFL
Your Account Isn't Verified!
In order to create a playlist on Sporcle, you need to verify the email address you used during registration. Go to your
Sporcle Settings
to finish the process.
Report this User
Report this user for behavior that violates our
Community Guidelines
.
Details:
Send Report
Go to the Sporcle.com Mobile Site →
Comments